| 000 | 00479pab a2200169 454500 | ||
|---|---|---|---|
| 008 | 180718b2003 xxu||||| |||| 00| 0 eng d | ||
| 100 | _aWani, M. Afzal | ||
| 245 | _aMaintenance of women and children under Muslim law: legislative trends in Muslim countries | ||
| 260 | _c2003 | ||
| 300 | _ap.409-28. | ||
| 362 | _aJul-Dec | ||
| 650 | _aWomen and children | ||
| 650 | _aMuslim law | ||
| 650 | _aFamily law | ||
| 773 | _aJournal of the Indian Law Institute | ||
| 909 | _a60077 | ||
| 999 |
_c60077 _d60077 |
||